| 000 | 00474nam a2200181Ia 4500 | ||
|---|---|---|---|
| 001 | 5218 | ||
| 005 | 20260306145852.0 | ||
| 008 | 260306t2015||||xx |||||||||||||| ||spa|| | ||
| 041 | _aESP | ||
| 082 |
_a338.2098 _bB84 |
||
| 100 |
_aBrown, Kendall W. _eAUT |
||
| 245 | 0 |
_aMinería e imperio en hispanoamérica colonial: _bproducción, mercado y trabajo |
|
| 260 | _c2015 | ||
| 300 |
_a301 páginas : _c20 cm. |
||
| 650 | _aGEN | ||
| 654 | _aCAN | ||
| 942 |
_cLIB _dJUS _fJUS _2ddc _n |
||
| 999 |
_c5218 _d5218 |
||